Země na misce vah Ekologie a lidský duch

Na minha lista:
Detalhes bibliográficos
Autor principal: Gore, Al
Outros Autores: Jařab, Jan
Formato: Livro
Idioma:tcheco
Publicado em: Praha Argo 1994
Edição:1. vyd.
Assuntos:
Tags: Adicionar Tag
Sem tags, seja o primeiro a adicionar uma tag!

MARC

LEADER 00000nam a2200000 4500
001 c005705
005 20221205141228.1
020 |a 80-85794-21-7 
041 0 |a cze 
044 |a CZ 
245 1 0 |a Země na misce vah  |b Ekologie a lidský duch  |c Al Gore ; Prekl. Jan Jařab 
250 |a 1. vyd. 
264 1 |a Praha  |b Argo  |c 1994 
300 |a 372 s. 
610 2 0 |a prostredie životné 
610 2 0 |a ochrana prostredia životného 
610 2 0 |a problémy globálne 
100 1 |a Gore, Al 
700 1 |a Jařab, Jan